<?xml version="1.0" encoding="UTF-8"?>
<record
    xmlns:xsi="http://www.w3.org/2001/XMLSchema-instance"
    xsi:schemaLocation="http://www.loc.gov/MARC21/slim http://www.loc.gov/standards/marcxml/schema/MARC21slim.xsd"
    xmlns="http://www.loc.gov/MARC21/slim">

  <leader>006100000a22001450004500</leader>
  <datafield tag="090" ind1=" " ind2=" ">
    <subfield code="a">As</subfield>
    <subfield code="b">Seriadas</subfield>
  </datafield>
  <datafield tag="245" ind1="1" ind2="0">
    <subfield code="a">Influencia de la vegetaci&#xF3;n en la presencia, distribuci&#xF3;n y abundancia de criaderos de tres especies de Anopheles (Dip.: Culicidae) en la parte baja del r&#xED;o Naya, Costa Pac&#xED;fica de Colombia</subfield>
  </datafield>
  <datafield tag="041" ind1="0" ind2=" ">
    <subfield code="a">Espa&#xF1;ol</subfield>
  </datafield>
  <datafield tag="700" ind1="1" ind2=" ">
    <subfield code="a">Gonz&#xE1;lez , Ranulfo</subfield>
    <subfield code="9">92392</subfield>
  </datafield>
  <datafield tag="700" ind1="1" ind2=" ">
    <subfield code="a">Hurtado , Jos&#xE9; Camilo</subfield>
    <subfield code="9">99961</subfield>
  </datafield>
  <datafield tag="700" ind1="1" ind2=" ">
    <subfield code="a">Alzate, Alberto</subfield>
    <subfield code="9">99962</subfield>
  </datafield>
  <datafield tag="100" ind1="1" ind2=" ">
    <subfield code="a">Solarte, Yesid</subfield>
    <subfield code="9">99963</subfield>
  </datafield>
  <datafield tag="942" ind1=" " ind2=" ">
    <subfield code="c">ARTICULO</subfield>
  </datafield>
  <datafield tag="773" ind1="1" ind2=" ">
    <subfield code="t">Bolet&#xED;n del Museo de Entomolog&#xED;a de la Universidad del Valle</subfield>
    <subfield code="h">1-2</subfield>
    <subfield code="q">55-72</subfield>
    <subfield code="d">1994</subfield>
    <subfield code="g">2</subfield>
  </datafield>
  <datafield tag="999" ind1=" " ind2=" ">
    <subfield code="c">15731</subfield>
    <subfield code="d">15731</subfield>
  </datafield>
</record>
